| 000 | 00521nam a2200181Ia 4500 | ||
|---|---|---|---|
| 003 | GCL | ||
| 008 | 140319s9999 xx 000 0 eng d | ||
| 020 | _a0275955397 | ||
| 040 |
_aGCL / _cGCL |
||
| 082 | 0 | 4 |
_a958 _bH C |
| 100 | 1 | _aHUNTER, SHIREEN T. | |
| 245 | 1 | 0 |
_aCENTRAL ASIA SINCE INDEPENDENCE / _cHUNTER, SHIREEN T. |
| 700 | 1 | _aBROXUP, MARIE BENNIGSEN | |
| 260 |
_aنيويورك : _bPRAEGER PUBLISHERS ، _c1996 |
||
| 300 |
_a24 CM ؛ _cXX,220 P |
||
| 650 | 0 | 4 | _aASIA, CENTRAL - HISTORY - 1991 - |
| 942 |
_2ddc _cBK |
||
| 999 |
_c9282 _d9282 |
||